The economics of standards : theory, evidence, policy

Saved in:
Bibliographic Details
Main Author: Blind, Knut 1965-
Format: Book
Language:English
Published: Cheltenham, UK : Edward Elgar, c2004
Subjects:
Tags: Add Tag
No Tags, Be the first to tag this record!

MARC

LEADER 00000nam a2200000 i 4500
001 1/82354
008 080415s2004 eng d
020 |a 1-84376-793-7 
035 |l 10096643 
040 |a GR-MY-UA  |b gre  |e aacr 
041 0 |a eng 
082 0 |a 330  |2 (22) 
100 1 |a Blind, Knut  |d 1965- 
245 1 4 |a The economics of standards :  |b theory, evidence, policy /  |c Knut Blind 
260 |a Cheltenham, UK :   |b Edward Elgar,   |c c2004 
300 |a xiii, 368 σ.;  |b εικ.;  |c 24 εκ. 
504 |a Βιβλιογραφία: σ. 331-348. Ευρετήριο 
650 0 0 |a Standardization  |x Economic aspects. 
852 |a INST  |b SYROS  |e 20080415  |h 330 BLI  |p 005500006129  |q 005500006129  |t BK  |y 0 
901 |a BIBL5-2008-1 
909 |a Ε  |b 151852 
922 |a 5ΕΛΗ  |b 200803  |c ΕΠΕΑΕΚ2/ΤΜΣΠΣ  |d ΕΛΕΥΘΕΡΟΥΔΑΚΗΣ 
970 |a ΚΟΝΤΟΥ  |b ΠΑΡΑΣΚΕΥΗ  |z 2008/04/15